The power of self-esteem/ (Record no. 10892)

MARC details
000 -LEADER
fixed length control field 00721 a2200205 4500
010 ## - LIBRARY OF CONGRESS CONTROL NUMBER
LC control number ENG-89582
020 ## - INTERNATIONAL STANDARD BOOK NUMBER
International Standard Book Number 8187671756
Terms of availability 150.00
035 ## - SYSTEM CONTROL NUMBER
System control number EN-73115
037 ## - SOURCE OF ACQUISITION
Source of stock number/acquisition DBAD / PUB
082 14 - DEWEY DECIMAL CLASSIFICATION NUMBER
Classification number 158.1
090 ## - LOCALLY ASSIGNED LC-TYPE CALL NUMBER (OCLC); LOCAL CALL NUMBER (OCLC)
-- 11198
-- 11198
100 1# - MAIN ENTRY--PERSONAL NAME
Personal name Branden, Nathaniel
245 1# - TITLE STATEMENT
Title The power of self-esteem/
Statement of responsibility, etc by Nathaniel Branden
260 ## - PUBLICATION, DISTRIBUTION, ETC. (IMPRINT)
Place of publication, distribution, etc Chennai
Name of publisher, distributor, etc Westland Books
Date of publication, distribution, etc 2007
270 ## - ADDRESS
Address 571, Poonamallee High Road, Kamraj Bhavan, Aminjikarai
City Chennai
Postal code 600 002
Electronic mail address ewb@airtelbroadband.in
300 ## - PHYSICAL DESCRIPTION
Extent xix, 97p.
Other physical details 23 cm. (Pbk.)
500 ## - GENERAL NOTE
General note Includes bibliographical references
942 ## - ADDED ENTRY ELEMENTS (KOHA)
Institution code [OBSOLETE] dpl
Koha item type English Books
Call number prefix 158.1/ BRA
Holdings
Withdrawn status Lost status Source of classification or shelving scheme Damaged status Not for loan Collection code Home library Current library Source of acquisition Cost, normal purchase price Total Checkouts Full call number Barcode Date last seen Copy number Uniform Resource Identifier Cost, replacement price Price effective from Koha item type
    Dewey Decimal Classification   Not For Loan Non-fiction D.B.Act.Division D.B.Act.Division DBAD/PUB 150.00   158.1 EN-73115 15/09/2008 1 11993 150.00 15/09/2008 English Books

© Delhi Public Library
Hit Counter
free hit counter